| 000 | 00404cam a2200169ua 4500 | ||
|---|---|---|---|
| 020 | _c8.00 | ||
| 041 |
_aeng _h |
||
| 082 |
_a291.22 _bRAD/RE |
||
| 100 | _aRadhakrishnan, . | ||
| 245 |
_aRecovery of faith / _cRadhakrishnan. _hTextual Documents |
||
| 260 |
_a : _bGeorge Allen & Unwin Ltd , _c1961. |
||
| 300 | _a204 ; . | ||
| 365 | _a8.00 | ||
| 504 | _a | ||
| 942 | _cBK | ||
| 999 |
_c1731 _d1731 |
||